| 000 | 00888nam a22003017a 4500 | ||
|---|---|---|---|
| 003 | CHAP | ||
| 005 | 20220329135044.0 | ||
| 008 | 971013s1977 r 00010 d | ||
| 010 | _a30225 | ||
| 011 | _a31197 | ||
| 035 | _a35309 | ||
| 040 | _cCHAP | ||
| 082 |
_a574.87 _bC64 |
||
| 100 | 0 | 0 |
_aCopeland, James C. _927873 |
| 245 | _aRegulatory biology | ||
| 260 |
_aColumbus : _bOhio State University, _c1977 |
||
| 300 |
_a358 p. _b; gráfs. |
||
| 590 |
_aBATCH-UPD _b10 _c20130110 _lUCH01 _h1805 |
||
| 590 |
_aBATCH-UPD _b10 _c20130410 _lUCH01 _h1141 |
||
| 590 |
_aBATCH-UPD _b10 _c20130914 _lUCH01 _h0633 |
||
| 590 |
_aCONVERSION _b10 _c20130109 _lUCH01 _h1317 |
||
| 650 | 1 | 4 |
_aBiología. _912773 |
| 650 | 1 | 4 |
_aCitología. _923489 |
| 700 | 0 |
_aMarzluf, George A. _972736 |
|
| 901 | _aBK | ||
| 942 | _cLIBRO | ||
| 949 |
_a574.87 C64 _bBC _cLIBRO _d33724000473468 _eLIBRO _h55393 _i35309 _si _t810.00 |
||
| 999 |
_c30225 _d30225 |
||